MyGZULibrary

Thrift : (Record no. 1539)

MARC details
000 -LEADER
fixed length control field 01951cam a22003614a 4500
001 - CONTROL NUMBER
control field 15192878
003 - CONTROL NUMBER IDENTIFIER
control field GZU
005 - DATE AND TIME OF LATEST TRANSACTION
control field 20201019122230.0
008 - FIXED-LENGTH DATA ELEMENTS--GENERAL INFORMATION
fixed length control field 080225s2008 paua b 001 0 eng
010 ## - LIBRARY OF CONGRESS CONTROL NUMBER
LC control number 2008006962
020 ## - INTERNATIONAL STANDARD BOOK NUMBER
International Standard Book Number 9781599471426 (pbk. : alk. paper)
020 ## - INTERNATIONAL STANDARD BOOK NUMBER
International Standard Book Number 1599471426 (pbk. : alk. paper)
040 ## - CATALOGING SOURCE
Original cataloging agency DLC
Transcribing agency DLC
Modifying agency DLC
042 ## - AUTHENTICATION CODE
Authentication code pcc
043 ## - GEOGRAPHIC AREA CODE
Geographic area code n-us---
050 00 - LIBRARY OF CONGRESS CALL NUMBER
Classification number HC110.C6
Item number BLA 2008
100 1# - MAIN ENTRY--PERSONAL NAME
Personal name Blankenhorn, David.
Relator term author
245 10 - TITLE STATEMENT
Title Thrift :
Remainder of title a cyclopedia : being an early attempt to assemble the best of what is known from history and literature about one of our most provocative words for those who are not ashamed to think anew about happiness, extravagance, and thriving /
Statement of responsibility, etc. David Blankenhorn.
260 ## - PUBLICATION, DISTRIBUTION, ETC.
Place of publication, distribution, etc. West Conshohocken, Pa. :
Name of publisher, distributor, etc. Templeton Foundation Press,
Date of publication, distribution, etc. c2008.
300 ## - PHYSICAL DESCRIPTION
Extent viii, 351 p. :
Other physical details ill. ;
Dimensions 28 cm.
500 ## - GENERAL NOTE
General note "A Companion to the traveling exhibition, Thrift: In Search of the Art of Living Well and the Report to the Nation, For a New Thrift: Confronting the Debt Culture."
500 ## - GENERAL NOTE
General note Developed after a conference of scholars the author convened In October of 2005, at the request of the John Templeton Foundation, to discuss the history of thrift as an American value and practice.
504 ## - BIBLIOGRAPHY, ETC. NOTE
Bibliography, etc. note Includes bibliographical references and index.
650 #0 - SUBJECT ADDED ENTRY--TOPICAL TERM
Topical term or geographic name entry element Consumption (Economics)
General subdivision Social aspects
Geographic subdivision United States.
650 #0 - SUBJECT ADDED ENTRY--TOPICAL TERM
Topical term or geographic name entry element Saving and investment
Geographic subdivision United States.
650 #0 - SUBJECT ADDED ENTRY--TOPICAL TERM
Topical term or geographic name entry element Social values
Geographic subdivision United States
General subdivision History.
650 #0 - SUBJECT ADDED ENTRY--TOPICAL TERM
Topical term or geographic name entry element Conduct of life
Geographic subdivision United States
General subdivision History.
650 #0 - SUBJECT ADDED ENTRY--TOPICAL TERM
Topical term or geographic name entry element Social values
Geographic subdivision United States
Form subdivision Quotations, maxims, etc.
856 41 - ELECTRONIC LOCATION AND ACCESS
Materials specified Table of contents only
Uniform Resource Identifier <a href="http://www.loc.gov/catdir/toc/ecip0811/2008006962.html">http://www.loc.gov/catdir/toc/ecip0811/2008006962.html</a>
906 ## - LOCAL DATA ELEMENT F, LDF (RLIN)
a 7
b cbc
c orignew
d 1
e ecip
f 20
g y-gencatlg
942 ## - ADDED ENTRY ELEMENTS (KOHA)
Source of classification or shelving scheme Library of Congress Classification
Koha item type Books
Classification part 110.C6
Item part BLA
Call number prefix HC
Holdings
Withdrawn status Lost status Source of classification or shelving scheme Damaged status Not for loan Collection code Home library Current library Shelving location Date acquired Total Checkouts Full call number Barcode Date last seen Copy number Price effective from Koha item type
    Library of Congress Classification     Non-fiction City Campus Library City Campus Library General Stacks 06/28/2013   HC110.C6 BLA 2008 007720 10/19/2020 c. 1 10/19/2020 Books
    Library of Congress Classification     Non-fiction City Campus Library City Campus Library General Stacks 06/28/2013   HC110.C6 BLA 2008 007721 10/19/2020 c. 2 10/19/2020 Books